[Event "14th Trieste Open A"]
[Site "Trieste ITA"]
[Date "2012.09.01"]
[Round "1"]
[White "Kragelj,I"]
[Black "Smirin,I"]
[Result "0-1"]
[WhiteElo "2192"]
[BlackElo "2632"]

1.d4 Nf6 2.c4 g6 3.Nc3 Bg7 4.e4 d6 5.Nf3 O-O 6.Be2 Na6 7.O-O e5 8.Be3 h6
9.Ne1 Ng4 10.Bxg4 Bxg4 11.Qd2 Kh7 12.Nc2 c6 13.f3 Be6 14.d5 cxd5 15.Nxd5 f5
16.exf5 gxf5 17.Na3 Nc7 18.Nxc7 Qxc7 19.Rac1 a6 20.Rfd1 Rad8 21.Qf2 Qf7 22.b3 Rg8
23.Kh1 Bf6 24.Bb6 Rd7 25.Nc2 Bg5 26.Rb1 Qh5 27.Ne3 Bf4 28.Nf1 Rdg7 29.Rxd6 Rxg2
30.Qxg2 Rxg2 31.Kxg2 Qg6+ 32.Kf2 e4 33.Rdd1 Qh5 34.fxe4 fxe4  0-1

[Event "14th Trieste Open A"]
[Site "Trieste ITA"]
[Date "2012.09.02"]
[Round "2"]
[White "Smirin,I"]
[Black "Bergez,L"]
[Result "1-0"]
[WhiteElo "2632"]
[BlackElo "2406"]

1.e4 c6 2.d4 d5 3.Nd2 dxe4 4.Nxe4 Nf6 5.Nxf6+ exf6 6.c3 Bd6 7.Bd3 O-O 8.Ne2 Re8
9.Qc2 h6 10.Be3 Qc7 11.O-O-O c5 12.dxc5 Bxc5 13.Bxc5 Qxc5 14.Ng3 Be6 15.Ne4 Qc7
16.Nd6 Rf8 17.Nb5 Qa5 18.b4 Qb6 19.c4 Na6 20.c5 Qc6 21.a3 Qxg2 22.Be4 Qg5+
23.Kb1 b6 24.Bxa8 Rxa8 25.Nd4 Bd5 26.Rhg1 Qe5 27.f3 bxc5 28.Nf5 Bxf3 29.Rde1 Qf4
30.Nxg7 Kh8 31.Qf5 Qxf5+ 32.Nxf5 cxb4 33.Nxh6 Bh5 34.Re3 bxa3 35.Nxf7+ Kh7
36.Rh3 Rb8+ 37.Ka1 Rb5 38.Nd6 Ra5 39.Rh4 Kh6 40.Rf4 a2 41.Rxf6+ Kh7 42.Nf5  1-0

[Event "14th Trieste Open A"]
[Site "Trieste ITA"]
[Date "2012.09.02"]
[Round "3"]
[White "Bosiocic,Mari"]
[Black "Smirin,I"]
[Result "1/2-1/2"]
[WhiteElo "2577"]
[BlackElo "2632"]

1.d4 f5 2.g3 Nf6 3.Bg2 g6 4.Nf3 Bg7 5.O-O O-O 6.c4 d6 7.Nc3 Na6 8.Rb1 c5
9.d5 Nc7 10.a3 e5 11.dxe6 Nxe6 12.Ng5 Qe7 13.b4 Nd4 14.Be3 Kh8 15.Bxd4 cxd4
16.Nb5 d5 17.cxd5 Nxd5 18.Bxd5 Qxg5 19.Nxd4 f4 20.Ne6 Bxe6  1/2-1/2

[Event "14th Trieste Open A"]
[Site "Trieste ITA"]
[Date "2012.09.03"]
[Round "4"]
[White "Smirin,I"]
[Black "Leroy,D"]
[Result "1-0"]
[WhiteElo "2632"]
[BlackElo "2285"]

1.e4 c5 2.Nf3 Nc6 3.Bb5 e6 4.O-O Nge7 5.c3 a6 6.Ba4 b5 7.Bc2 d5 8.a4 Bb7
9.Qe2 b4 10.d3 Ng6 11.Nbd2 Be7 12.Nb3 d4 13.cxd4 cxd4 14.Nfd2 e5 15.a5 Bc8
16.Nc4 Be6 17.g3 O-O 18.Nbd2 Ra7 19.Bb3 Kh8 20.Qh5 Qb8 21.Kg2 Bd8 22.Nf3 Re8
23.Bd2 f6 24.Ng1 Bf7 25.Qd1 Bc7 26.h4 Nf8 27.Rc1 Bxa5 28.Ba4 Bxc4 29.Rxc4 Ne7
30.Bxe8 Qxe8 31.Bxb4 Bxb4 32.Rxb4  1-0

[Event "14th Trieste Open A"]
[Site "Trieste ITA"]
[Date "2012.09.04"]
[Round "5"]
[White "Vorobiov,E"]
[Black "Smirin,I"]
[Result "1/2-1/2"]
[WhiteElo "2594"]
[BlackElo "2632"]

1.d4 Nf6 2.c4 g6 3.Nc3 Bg7 4.e4 d6 5.f4 O-O 6.Nf3 c5 7.d5 e6 8.Be2 exd5 9.cxd5 Bg4
10.O-O Nbd7 11.a4 c4 12.Bxc4 Rc8 13.Bd3 Nc5 14.Bc2 Re8 15.h3 Bxf3 16.Qxf3  1/2-1/2

[Event "14th Trieste Open A"]
[Site "Trieste ITA"]
[Date "2012.09.05"]
[Round "6"]
[White "Smirin,I"]
[Black "Banusz,T"]
[Result "1-0"]
[WhiteElo "2632"]
[BlackElo "2583"]

1.e4 e5 2.Nf3 Nc6 3.Bb5 Nf6 4.d3 Bc5 5.c3 O-O 6.O-O d6 7.Nbd2 Bb6 8.Nc4 Ne7
9.Ba4 Ng6 10.h3 h6 11.Re1 Be6 12.Nxb6 axb6 13.d4 Nh5 14.Be3 Nhf4 15.Bb5 Qf6
16.Bf1 Rad8 17.Kh2 Bd7 18.a4 Ne7 19.b4 Nfg6 20.g3 Rfe8 21.Bg2 Ra8 22.dxe5 Nxe5
23.Nxe5 Qxe5 24.b5 Ng6 25.f4 Qe7 26.Bd4 f6 27.Qd3 Qf7 28.c4 Nf8 29.e5 dxe5
30.fxe5 f5 31.Bxb7 Rad8 32.Rf1 Be6 33.Rac1 Re7 34.Bc6 Bd7 35.Bd5 Be6 36.Rxf5 Bxd5
37.Rxf7 Bxf7 38.Qe4 Red7 39.Be3 Rd3 40.Rf1 Ne6 41.h4 Ra3 42.Rxf7 Kxf7 43.Bxh6 Re8
44.Qf5+ Kg8 45.Qg6 Kf8 46.Bg5 Rxa4 47.h5 Ra2+ 48.Kh3 Nxg5+ 49.Qxg5 Rf2 50.h6 gxh6
51.Qxh6+ Kg8 52.Qg6+ Kf8 53.e6 Re7 54.g4 Rg7 55.Qd3 Ke8 56.Qd4 Rh7+ 57.Kg3 Rf8
58.g5 Rg8 59.Qf6 Re7 60.g6 Rf8 61.Qe5 Rg8 62.Kh4 Rf8 63.g7  1-0

[Event "14th Trieste Open A"]
[Site "Trieste ITA"]
[Date "2012.09.06"]
[Round "7"]
[White "Turov,M"]
[Black "Smirin,I"]
[Result "1/2-1/2"]
[WhiteElo "2636"]
[BlackElo "2632"]

1.c4 Nf6 2.Nc3 e5 3.g3 d5 4.cxd5 Nxd5 5.Bg2 Nb6 6.e3 Be7 7.Nge2 O-O 8.O-O c6
9.f4 N8d7 10.b3 a5 11.fxe5 Nxe5 12.d4 Ng6 13.e4 Bg5 14.Ba3 Be7 15.Bb2 a4
16.bxa4 Bg4 17.Bf3 Bxf3 18.Rxf3 c5 19.Ba3 Nc4 20.Bxc5 Bxc5 21.dxc5 Nd2 22.Rf2 Ne5
23.Nf4 Qd4 24.Nfd5 Qxc5  1/2-1/2

[Event "Chigorin Memorial"]
[Site "St Petersburg RUS"]
[Date "2012.10.27"]
[Round "1.14"]
[White "Syrchikov,A"]
[Black "Smirin,I"]
[Result "0-1"]
[WhiteElo "2208"]
[BlackElo "2638"]

1.Nf3 c5 2.c4 Nc6 3.d4 cxd4 4.Nxd4 g6 5.Nc3 Bg7 6.e3 Nf6 7.Be2 O-O 8.O-O Nxd4
9.Qxd4 d6 10.e4 Be6 11.Qe3 Qc7 12.Nd5 Nxd5 13.exd5 Bf5 14.g4 Bd7 15.Rb1 e6
16.dxe6 Bxe6 17.b3 d5 18.Bb2 Bxb2 19.Rxb2 Rfe8 20.Qg3 Qb6 21.cxd5 Bxd5 22.Rd1 Qf6
23.Rbd2 Bc6 24.Rd6 Qb2 25.Bc4 Re7 26.a4 Rae8 27.Rd8 Rxd8 28.Rxd8+ Kg7 29.Rd1 Qc2
30.Qd3 Qxd3 31.Bxd3 Bf3 32.Rc1 Bxg4 33.Kg2 Be6 34.b4 Rd7 35.Be2 Rd4 36.Rb1 Bd5+
37.Kg1 a5 38.bxa5 Rxa4 39.Rd1 Rxa5 40.f3 Kf6 41.Kf2 Ke5  0-1

[Event "Chigorin Memorial 2012"]
[Site "St Petersburg RUS"]
[Date "2012.10.28"]
[Round "2.11"]
[White "Smirin,I"]
[Black "Annageldyev,O"]
[Result "1-0"]
[WhiteElo "2638"]
[BlackElo "2394"]

1.e4 e5 2.Nf3 Nc6 3.Bb5 a6 4.Ba4 Nf6 5.O-O Be7 6.Qe2 b5 7.Bb3 d6 8.c3 O-O
9.d4 Bg4 10.Rd1 Qc8 11.h3 Bxf3 12.Qxf3 Na5 13.Bc2 c5 14.d5 c4 15.b4 cxb3
16.axb3 Qc7 17.Na3 h6 18.Bd2 Nh7 19.Qe2 Rfc8 20.b4 Nb7 21.Bd3 Bg5 22.Be1 Nf8
23.c4 bxc4 24.Nxc4 Ng6 25.g3 Bd8 26.Ra2 Qd7 27.Kg2 Ne7 28.Rda1 a5 29.bxa5 Nc5
30.Bc2 f5 31.exf5 Nxd5 32.Rd1 Qc6 33.Kh2 Kf8 34.Qd2 Ne7 35.f6  1-0

[Event "Chigorin Memorial 2012"]
[Site "St Petersburg RUS"]
[Date "2012.10.29"]
[Round "3.4"]
[White "Mozharov,M"]
[Black "Smirin,I"]
[Result "0-1"]
[WhiteElo "2505"]
[BlackElo "2638"]

1.d4 Nf6 2.c4 g6 3.Nc3 Bg7 4.e4 d6 5.f4 O-O 6.Nf3 c5 7.d5 e6 8.Be2 exd5 9.cxd5 Bg4
10.O-O Nbd7 11.h3 Bxf3 12.Bxf3 Qa5 13.Qe2 Rfe8 14.g4 Nb6 15.Qc2 Nfd7 16.g5 Nc4
17.e5 dxe5 18.Ne4 Qa6 19.Be2 b5 20.f5 Nd6 21.fxg6 hxg6 22.Bg4 Rad8 23.Nf6+ Bxf6
24.gxf6 Qa4 25.Qf2 Ne4 26.Qh4 Qd4+ 27.Kh2 Ndxf6 28.Be6 fxe6 29.Rxf6 Nxf6
30.Qxf6 e4 31.Qxg6+ Qg7 32.Qh5 Rf8  0-1

[Event "Chigorin Memorial"]
[Site "St Petersburg RUS"]
[Date "2012.10.30"]
[Round "4.3"]
[White "Smirin,I"]
[Black "Stupak,K"]
[Result "1/2-1/2"]
[WhiteElo "2638"]
[BlackElo "2520"]

1.e4 e6 2.d4 d5 3.Nc3 dxe4 4.Nxe4 Nd7 5.Nf3 Ngf6 6.Nxf6+ Nxf6 7.Bc4 Be7 8.O-O O-O
9.Qe2 b6 10.Bg5 Bb7 11.Rad1 h6 12.Bc1 Bd5 13.Ba6 Bxf3 14.Qxf3 Qd5 15.Qxd5 Nxd5
16.a3 Bg5 17.f4 Bf6 18.f5 exf5 19.Rxf5 Rad8 20.c3 g6 21.Rf2 Bg5 22.Bxg5 hxg5
23.Re1 Rfe8 24.Rfe2 Kf8 25.Kf2 Rxe2+ 26.Rxe2 Re8 27.Re5 Nf6 28.Kf3 Rxe5 29.dxe5 Nd7
30.Kg4 Nxe5+ 31.Kxg5 Ke7 32.h4 f6+ 33.Kf4 Nf7 34.g3 f5 35.h5 Kf6 36.hxg6 Ne5
37.g7 Ng6+ 38.Ke3 Kxg7 39.Kd4 Kf6 40.Bd3 Ne7 41.b4  1/2-1/2

[Event "Chigorin Memorial"]
[Site "St Petersburg RUS"]
[Date "2012.11.01"]
[Round "6.4"]
[White "Smirin,I"]
[Black "Popov,Iv RUS"]
[Result "1-0"]
[WhiteElo "2638"]
[BlackElo "2614"]

1.e4 e5 2.Nf3 Nc6 3.Bb5 f5 4.d3 fxe4 5.dxe4 Nf6 6.Qe2 Bc5 7.Bg5 h6 8.Bh4 g5
9.Bg3 d6 10.Nc3 Bb4 11.Bxc6+ bxc6 12.Qc4 Bxc3+ 13.Qxc3 O-O 14.Qxc6 Rb8 15.O-O-O Qe7
16.Nd2 Qf7 17.b3 a5 18.f3 Rb6 19.Qa4 Bb7 20.Bf2 Rb4 21.Qxa5 c5 22.Bxc5 dxc5
23.Qxc5 Rd4 24.Qxe5 Rd7 25.Nc4 Re7 26.Qd4 Rd7 27.Nd6 Qe6 28.Qc5  1-0

[Event "Chigorin Memorial"]
[Site "St Petersburg RUS"]
[Date "2012.11.02"]
[Round "7.2"]
[White "Shimanov,A"]
[Black "Smirin,I"]
[Result "1/2-1/2"]
[WhiteElo "2599"]
[BlackElo "2638"]

1.d4 f5 2.c4 Nf6 3.Nc3 g6 4.h4 d6 5.h5 Nxh5 6.Rxh5 gxh5 7.e4 Bg7 8.Qxh5+ Kf8
9.Bh6 e6 10.exf5 Qf6 11.Bxg7+ Kxg7 12.Bd3 Nc6 13.Ne4 Qxf5 14.Qh4 Nxd4 15.O-O-O e5
16.Qe7+ Qf7 17.Qg5+ Qg6 18.Qe7+ Qf7 19.Qg5+ Qg6 20.Qe7+  1/2-1/2

[Event "Chigorin Memorial"]
[Site "St Petersburg RUS"]
[Date "2012.11.03"]
[Round "8.2"]
[White "Smirin,I"]
[Black "Demchenko,A"]
[Result "1/2-1/2"]
[WhiteElo "2638"]
[BlackElo "2610"]

1.d4 Nf6 2.c4 e6 3.Nf3 Bb4+ 4.Nbd2 O-O 5.a3 Be7 6.e4 d5 7.e5 Nfd7 8.b4 a5
9.b5 c5 10.Qc2 cxd4 11.Bd3 h6 12.cxd5 exd5 13.Nb3 a4 14.Nbxd4 Nc5 15.Be3 Nxd3+
16.Qxd3 Nd7 17.Nf5 Nc5 18.Nxe7+ Qxe7 19.Bxc5 Qxc5 20.O-O Bd7 21.Rab1 Rfc8
22.h3 Qc4 23.Qd2 Bf5 24.Rbc1 Qd3 25.Qxd3 Bxd3 26.Rfd1 Bxb5 27.Rxc8+ Rxc8
28.Rxd5 Rc1+ 29.Kh2 Bc6 30.Rd8+ Kh7 31.Nd4 Rc3 32.Nxc6 bxc6 33.Rd6 c5 34.Rc6 g5
35.h4 gxh4 36.f4 Rxa3 37.Rxc5 Kg6 38.Rc6+ Kh5 39.Rf6 Re3 40.Rxf7 a3 41.Ra7 Kg4
42.e6  1/2-1/2

[Event "Chigorin Memorial"]
[Site "St Petersburg RUS"]
[Date "2012.11.04"]
[Round "9.4"]
[White "Socko,B"]
[Black "Smirin,I"]
[Result "1-0"]
[WhiteElo "2619"]
[BlackElo "2638"]

1.d4 f5 2.g3 Nf6 3.Bg2 g6 4.Nh3 Bg7 5.Nf4 Nc6 6.d5 Ne5 7.Nc3 c6 8.e4 fxe4
9.Nxe4 Nxe4 10.Bxe4 cxd5 11.Bxd5 e6 12.Bg2 O-O 13.O-O Qc7 14.Rb1 d6 15.b3 a5
16.a4 Bd7 17.Ba3 Nf7 18.c4 Bh6 19.Bc1 Rae8 20.Re1 Bxf4 21.Bxf4 Bc6 22.Bxc6 Qxc6
23.Qd2 g5 24.Bxg5 Ne5 25.Rxe5 dxe5 26.Qxa5 Qf3 27.Be3 Rd8 28.Qxe5 Rd1+ 29.Rxd1 Qxd1+
30.Kg2 Qf3+ 31.Kh3 Qf5+ 32.Qxf5 exf5 33.a5 Kf7 34.b4 Rc8 35.c5 Ke6 36.Kh4 Kd5
37.Kg5 Kc4 38.Kxf5 Kxb4 39.g4 Kxa5 40.h4 Kb5 41.g5 Kc6 42.Kf6 Kd5 43.h5 Rc6+
44.Kf5 Rc8 45.g6 hxg6+ 46.hxg6 Rf8+ 47.Kg5 Rg8 48.Kf6  1-0

[Event "XLII Rilton Cup"]
[Site "Stockholm SWE"]
[Date "2012.12.27"]
[Round "1.1"]
[White "Smirin,I"]
[Black "Henriksson,Jo"]
[Result "1-0"]
[WhiteElo "2652"]
[BlackElo "2270"]

1.e4 c6 2.d3 d5 3.Nd2 g6 4.g3 Bg7 5.Bg2 Nf6 6.Ngf3 O-O 7.O-O b6 8.Re1 e6
9.e5 Nfd7 10.Nf1 c5 11.h4 Nc6 12.Bf4 Bb7 13.N1h2 Ne7 14.Ng4 Nf5 15.Bg5 Qc7
16.Nf6+ Kh8 17.c3 h6 18.Bf4 d4 19.cxd4 Nxd4 20.Nxd4 Bxg2 21.Nxe6 fxe6 22.Nxd7 Rxf4
23.Kxg2 Qc6+ 24.Kg1 Rd4 25.Nf6 Bxf6 26.exf6 Rf8 27.Re4 Qd5 28.Qc1 Kh7 29.Qf4 e5
30.Rxe5 Qd6 31.Re7+ Qxe7 32.fxe7 Rdxf4 33.exf8=N+ Rxf8 34.Re1 Rf7 35.Kf1 Kg7
36.Re6 Rd7 37.Ke2 Kf7 38.Rc6 h5 39.Kd2 Kg7 40.a4 Rd4 41.a5 Rb4 42.Kc3 Kh6
43.Rc7  1-0

[Event "XLII Rilton Cup"]
[Site "Stockholm SWE"]
[Date "2012.12.28"]
[Round "2.1"]
[White "Akesson,R"]
[Black "Smirin,I"]
[Result "1/2-1/2"]
[WhiteElo "2441"]
[BlackElo "2652"]

1.d4 d6 2.Nf3 Nf6 3.c4 g6 4.Nc3 Bg7 5.e4 O-O 6.Be2 e5 7.Be3 Ng4 8.Bg5 f6
9.Bh4 g5 10.Bg3 Nh6 11.d5 Nd7 12.Nd2 f5 13.exf5 Nf6 14.Nde4 Nxe4 15.Nxe4 Bxf5
16.Bd3 Qe8 17.O-O Qg6 18.Qc2 Kh8 19.Rad1 g4 20.c5 Ng8 21.Rfe1 Ne7 22.cxd6 cxd6
23.Qc7 Nxd5 24.Qxd6 Nf4 25.Qxg6 Bxg6 26.Bf1 Rac8 27.Nd6 Rc2 28.Nc4 e4 29.Rc1 Rxc1
30.Rxc1 Nd3 31.Rc2 h5 32.b3 Bf6 33.Ne3 Bg5 34.Nd1 h4 35.Bc7 b6 36.Be2 Bf5
37.Ne3 Bxe3  1/2-1/2

[Event "XLII Rilton Cup"]
[Site "Stockholm SWE"]
[Date "2012.12.29"]
[Round "3.8"]
[White "Smirin,I"]
[Black "Sipila,V"]
[Result "1-0"]
[WhiteElo "2652"]
[BlackElo "2425"]

1.e4 e5 2.Nf3 Nc6 3.Bb5 f5 4.Nc3 fxe4 5.Nxe4 Nf6 6.Qe2 d5 7.Nxf6+ gxf6 8.d4 e4
9.Nh4 Be6 10.O-O Bd6 11.Qh5+ Bf7 12.Qf5 Qd7 13.f3 Qxf5 14.Nxf5 O-O-O 15.fxe4 dxe4
16.c3 Bg6 17.Bh6 Bf8 18.Bxf8 Rhxf8 19.Bxc6 bxc6 20.Rae1 Rfe8 21.Ne3 c5 22.dxc5 Re6
23.Rd1 Rd3 24.Kf2 Kd7 25.Ke2 Kc6 26.Rxd3 exd3+ 27.Kd2 Kxc5 28.Rf4 c6 29.Rd4 a5
30.Rd8 Kb6 31.g3 Kc5 32.a4 Re4 33.b3 Re7 34.Rb8 Ra7 35.h4 Kd6 36.Nc4+ Kc5
37.g4 Re7 38.Ne3 Be4 39.Ra8 Kb6 40.Nc4+ Kb7 41.Rxa5 Bd5 42.Kxd3 Bxc4+ 43.Kxc4 Re4+
44.Kd3 Rxg4 45.Rh5 Rg7 46.Kc4 Ka6 47.b4 f5 48.Rxf5 Rg4+ 49.Kc5 Rxh4 50.Kxc6 h5  1-0

[Event "XLII Rilton Cup"]
[Site "Stockholm SWE"]
[Date "2012.12.30"]
[Round "4.2"]
[White "Cramling,P"]
[Black "Smirin,I"]
[Result "1/2-1/2"]
[WhiteElo "2516"]
[BlackElo "2652"]

1.d4 Nf6 2.c4 g6 3.Nc3 Bg7 4.e4 d6 5.Nf3 O-O 6.h3 e5 7.d5 a5 8.Bg5 Na6 9.Be2 Nc5
10.Nd2 Bd7 11.h4 h6 12.Be3 h5 13.f3 c6 14.Nb3 cxd5 15.Nxc5 d4 16.Nxd7 Qxd7
17.Na4 dxe3 18.Nb6 Qc7 19.Nxa8 Rxa8 20.Qd3 Bh6 21.g3 Nd7 22.Rd1 Ra6 23.O-O Nc5
24.Qc3 Ra8 25.Rd5 Re8 26.b3 f5 27.Rfd1 Re6 28.a3 fxe4 29.b4 axb4 30.axb4 exf3
31.Bxf3 Qf7 32.Bg2 Qf2+ 33.Kh2 Ne4 34.Qe1 Nf6 35.Ra1 e4 36.Rb5 Ng4+ 37.Kh1 Bg7
38.Ra8+ Bf8 39.Ra1 Bg7 40.Ra8+ Bf8 41.Ra1  1/2-1/2

[Event "XLII Rilton Cup"]
[Site "Stockholm SWE"]
[Date "2013.01.03"]
[Round "7.3"]
[White "Socko,M"]
[Black "Smirin,I"]
[Result "0-1"]
[WhiteElo "2445"]
[BlackElo "2652"]

1.d4 Nf6 2.c4 g6 3.Nc3 Bg7 4.e4 d6 5.Nf3 O-O 6.Be2 e5 7.Be3 Nbd7 8.O-O Qe7
9.dxe5 dxe5 10.Nd5 Qd8 11.Qc2 Ng4 12.Bg5 f6 13.Bd2 c6 14.Ne3 Nxe3 15.Bxe3 f5
16.Rad1 Qe7 17.Bg5 Qe8 18.c5 h6 19.Rd6 hxg5 20.Nxg5 Nf6 21.Qb3+ Kh8 22.Bc4 Bh6
23.Qh3 Kg7 24.Ne6+ Bxe6 25.Rxe6 Qf7 26.exf5 Rae8 27.Qc3 gxf5 28.Rxe5 Qg6
29.Be6 Bf4 30.Ree1 Rh8 31.h3 Qg5 32.Re2 Kg6 33.Rfe1 Rd8 34.Qb3 Rh7 35.Qf3 Bb8
36.Re3 Rh4 37.Qe2 Re4 38.Qc2 Kh6 39.Kf1 Rdd4 40.Qb3 f4 41.R3e2 Rxe2 42.Rxe2 Qxc5
43.Qxb7 Rd1+ 44.Re1 Ne4  0-1

[Event "XLII Rilton Cup"]
[Site "Stockholm SWE"]
[Date "2013.01.04"]
[Round "8.1"]
[White "Smirin,I"]
[Black "Shimanov,A"]
[Result "1-0"]
[WhiteElo "2652"]
[BlackElo "2630"]

1.e4 e6 2.d4 d5 3.Nc3 Bb4 4.e5 c5 5.a3 Bxc3+ 6.bxc3 Ne7 7.h4 Qa5 8.Bd2 Qa4
9.h5 h6 10.Qg4 Nf5 11.Bd3 O-O 12.Qf4 c4 13.Be2 Qxc2 14.g4 Ne7 15.g5 Nf5 16.gxh6 Nxh6
17.Nf3 Kh8 18.Rg1 Qh7 19.O-O-O Nd7 20.Rde1 f6 21.Nh4 fxe5 22.Qg5 Re8 23.Ng6+ Kg8
24.Nxe5 Nxe5 25.Qxe5 Nf7 26.Qc7 e5 27.Rg6 Bf5 28.Reg1 Rac8 29.Qa5 Rcd8 30.Qxa7 Rd7
31.Rxg7+ Qxg7 32.Rxg7+ Kxg7 33.dxe5 Nxe5 34.Qd4 Kh7 35.Qf4 Nd3+ 36.Bxd3 Bxd3
37.Be3 Rg7 38.Qh6+ Kg8 39.Qd6 Be4 40.Kd2 Kh7 41.Qh6+ Kg8 42.Bd4 Rge7 43.f4 Bd3
44.Qh8+ Kf7 45.Qg7+ Ke6 46.Qe5+ Kd7 47.Qxd5+ Kc8 48.Be5 Rd8 49.Qb5 Re6 50.Ke3 Rc6
51.Qa5 Kd7 52.Qa7 Rh6 53.Qxb7+ Ke8 54.Qg7 Rh7 55.Qg8+ Kd7 56.Qd5+  1-0

[Event "XLII Rilton Cup"]
[Site "Stockholm SWE"]
[Date "2013.01.05"]
[Round "9.1"]
[White "L'Ami,E"]
[Black "Smirin,I"]
[Result "1-0"]
[WhiteElo "2625"]
[BlackElo "2652"]

1.d4 Nf6 2.c4 g6 3.g3 c6 4.Bg2 d5 5.Nf3 Bg7 6.cxd5 cxd5 7.Nc3 Ne4 8.Qb3 Nxc3
9.bxc3 O-O 10.Nd2 e6 11.e4 Nc6 12.Ba3 Re8 13.O-O Na5 14.Qd1 b6 15.e5 Ba6
16.Re1 Rc8 17.Re3 Qd7 18.h4 Rc6 19.h5 Rec8 20.Bb4 Nc4 21.Nxc4 Bxc4 22.f4 a5
23.Ba3 b5 24.Kh2 b4 25.cxb4 Bf8 26.bxa5 Bxa3 27.Rxa3 Ba6 28.Bf1 Rc2+ 29.Kh3 Bxf1+
30.Qxf1 Qa7 31.Qd3 R2c4 32.a6 R8c6 33.Rb1 Rxa6 34.Rxa6 Qxa6 35.h6 Qa8 36.Qd2 Qf8
37.f5 exf5 38.Rb6 Qc8 39.Qg5 Rc2 40.Rd6 f4+ 41.e6 Rh2+ 42.Kxh2 Qc2+ 43.Kh3  1-0

[Event "Aeroflot Open Rapid Qualifier 2013"]
[Site "Moscow RUS"]
[Date "2013.02.13"]
[Round "8.15"]
[White "Smirin,I"]
[Black "Ipatov,Alexander"]
[Result "0-1"]
[WhiteElo "2654"]
[BlackElo "2569"]

1.e4 e5 2.Nf3 Nf6 3.Nxe5 d6 4.Nf3 Nxe4 5.d4 d5 6.Bd3 Nc6 7.O-O Be7 8.c4 Nb4
9.Be2 O-O 10.a3 Nc6 11.cxd5 Qxd5 12.Nc3 Nxc3 13.bxc3 Bf5 14.Bf4 Rac8 15.Re1 Rfe8
16.a4 Bd6 17.Be3 Be4 18.Nd2 Bg6 19.Bf3 Qf5 20.Bg4 Qd3 21.Bxc8 Rxc8 22.Qb3 Na5
23.Qd5 Qxc3 24.Ne4 Qc4 25.Qxc4 Nxc4 26.Nxd6 cxd6 27.Bf4 Kf8 28.d5 f6 29.Rac1 Bf7
30.Red1 Be8 31.Rd4 b5 32.axb5 Bxb5 33.h4 h5 34.f3 Kf7 35.g4 hxg4 36.fxg4 a5
37.Rb1 Ba6 38.h5 a4 39.Rb4 Ne5 40.Bxe5 dxe5 41.Rd2 Rc4 42.Rdb2 Rc1+ 43.Kh2 a3
44.Ra2 Bc4 45.Rb7+ Kg8 46.Rxa3 Bxd5 47.Rd7 Rh1+ 48.Kg3 Rg1+ 49.Kf2 Rg2+ 50.Kf1 Be4
51.Rd8+ Kh7 52.Ra4 Rxg4 53.Kf2 Rg2+ 54.Kf1 Rg4 55.Kf2 Bf3 56.Ra3 e4 57.Raa8 Kh6
58.Rh8+ Kg5 59.h6 Kf4 60.Ra4 Rg2+ 61.Kf1 gxh6 62.Rxh6 f5 63.Ra5 Rb2 64.Ra1 Bg2+
65.Kg1 Bf3 66.Rh2 Rb8 67.Kf2 Rb2+ 68.Kg1 Rb8 69.Kf2 e3+ 70.Kf1 Kg3 71.Kg1 e2
72.Rf2  0-1

[Event "Karpos Open 2013"]
[Site "Skopje MKD"]
[Date "2013.03.09"]
[Round "1.3"]
[White "Smirin,I"]
[Black "Mitkovski,Z"]
[Result "1-0"]
[WhiteElo "2659"]
[BlackElo "2170"]

1.e4 c5 2.Nf3 g6 3.Bc4 Bg7 4.c3 Nc6 5.d4 cxd4 6.cxd4 Qb6 7.Nc3 d6 8.O-O Nf6
9.h3 O-O 10.e5 Ne8 11.Re1 e6 12.h4 a6 13.h5 d5 14.Bb3 Qd8 15.Bc2 f5 16.Ne2 Rf7
17.hxg6 hxg6 18.Bg5 Qb6 19.Rb1 Bf8 20.Nf4 Kh7 21.g3 Bh6 22.Kg2 Kg7 23.Rh1 Bxg5
24.Nxg5 Re7 25.Nxg6  1-0

[Event "Karpos Open 2013"]
[Site "Skopje MKD"]
[Date "2013.03.10"]
[Round "2.3"]
[White "Haznedaroglu,K"]
[Black "Smirin,I"]
[Result "0-1"]
[WhiteElo "2428"]
[BlackElo "2659"]

1.e4 c5 2.Nf3 e6 3.d4 cxd4 4.Nxd4 a6 5.Bd3 Bc5 6.Nb3 Be7 7.Qg4 g6 8.Qe2 d6
9.O-O Nd7 10.a4 b6 11.Na3 Ne5 12.f4 Nxd3 13.cxd3 Nf6 14.Be3 O-O 15.Nc4 Rb8
16.a5 bxa5 17.Ncxa5 Bd7 18.Rfc1 e5 19.h3 exf4 20.Bxf4 Rxb3 21.Nxb3 Qb6+ 22.Qf2 Qxb3
23.Qd4 Bb5 24.Rc7 Nh5 25.Bh6 Bf6 26.Qf2 Qxd3 27.Ra3 Qb1+ 28.Kh2 Be5+ 29.g3 Ng7
30.Rc2 Bd4 31.Be3 Ne6 32.Rd2 Be5 33.Bh6 Rc8 34.Rf3 Be8 35.Qa7 Qxe4 36.Rdf2 Nc7
37.Re3 Qd5 38.Rc2 Bc6  0-1

[Event "Karpos Open 2013"]
[Site "Skopje MKD"]
[Date "2013.03.10"]
[Round "3.2"]
[White "Smirin,I"]
[Black "Tratar,M"]
[Result "1-0"]
[WhiteElo "2659"]
[BlackElo "2512"]

1.e4 e6 2.d4 d5 3.Nc3 Bb4 4.e5 b6 5.Nf3 Qd7 6.Bd2 Ba6 7.Bxa6 Nxa6 8.Ne2 Bxd2+
9.Qxd2 Ne7 10.Nf4 Ng6 11.Nh5 O-O 12.h4 c5 13.Nxg7 Kxg7 14.h5 Rh8 15.hxg6 hxg6
16.O-O-O Qe7 17.Qf4 Raf8 18.g4 f5 19.gxf5 Rxf5 20.Qg3 Rfh5 21.Rxh5 Rxh5 22.Rg1 Qf7
23.Nh4 Rh6 24.f4 Nc7 25.Kb1 Nb5 26.c3 Nc7 27.Qg5 Kh7 28.Qd8  1-0

[Event "Karpos Open 2013"]
[Site "Skopje MKD"]
[Date "2013.03.11"]
[Round "4.1"]
[White "Nabaty,T"]
[Black "Smirin,I"]
[Result "1/2-1/2"]
[WhiteElo "2566"]
[BlackElo "2659"]

1.d4 Nf6 2.c4 g6 3.Nc3 Bg7 4.e4 d6 5.Nge2 O-O 6.Ng3 h5 7.Be2 Nbd7 8.Be3 e5
9.d5 a5 10.a3 Nc5 11.h4 Ng4 12.Bxg4 Bxg4 13.f3 Bd7 14.Bg5 Bf6 15.Bxf6 Qxf6
16.Rb1 a4 17.Qd2 Kh7 18.Qg5 Qg7 19.O-O Rae8 20.Rbd1 f6 21.Qd2 Qe7 22.f4 exf4
23.Rxf4 Qe5 24.Rdf1 Kg7 25.R1f2 Nb3 26.Qe3 Nc5 27.Qd2 Kh7  1/2-1/2

[Event "Karpos Open 2013"]
[Site "Skopje MKD"]
[Date "2013.03.13"]
[Round "6.3"]
[White "Golod,V"]
[Black "Smirin,I"]
[Result "1/2-1/2"]
[WhiteElo "2564"]
[BlackElo "2659"]

1.d4 Nf6 2.c4 g6 3.Nc3 Bg7 4.e4 d6 5.Nf3 O-O 6.Be2 e5 7.O-O c6 8.Be3 exd4
9.Nxd4 Re8 10.f3 d5 11.cxd5 Nxd5  1/2-1/2

[Event "Karpos Open 2013"]
[Site "Skopje MKD"]
[Date "2013.03.15"]
[Round "8.8"]
[White "Jumabayev,R"]
[Black "Smirin,I"]
[Result "0-1"]
[WhiteElo "2554"]
[BlackElo "2659"]

1.d4 d6 2.c4 e5 3.Nf3 e4 4.Ng5 f5 5.g3 Be7 6.Nh3 Nf6 7.Nc3 c6 8.d5 Nbd7 9.Bg2 Nb6
10.b3 cxd5 11.cxd5 Nbxd5 12.Nxd5 Qa5+ 13.Bd2 Qxd5 14.O-O Bd7 15.Rc1 O-O 16.Be3 Bc6
17.Bd4 a5 18.Qd2 a4 19.Qb2 axb3 20.axb3 Nh5 21.e3 Qe6 22.Rfd1 Rfc8 23.Bf1 d5
24.b4 Ba4 25.Re1 Be8 26.b5 g5 27.Qb3 h6 28.Kg2 f4 29.exf4 Rxc1 30.Rxc1 Ra3
31.f5 Qxf5  0-1

[Event "Karpos Open 2013"]
[Site "Skopje MKD"]
[Date "2013.03.16"]
[Round "9.4"]
[White "Smirin,I"]
[Black "Palac,M"]
[Result "1/2-1/2"]
[WhiteElo "2659"]
[BlackElo "2572"]

1.e4 c5 2.Nf3 d6 3.d4 cxd4 4.Nxd4 Nf6 5.Nc3 a6 6.f4 e5 7.Nf3 Nbd7 8.a4 Be7
9.Bc4 Qa5 10.Qe2 b5 11.Ba2 bxa4 12.O-O O-O 13.Nxa4 Bb7 14.Nc3 Qb6+ 15.Kh1 exf4
16.Rb1 Nc5 17.e5 dxe5 18.Nxe5 Rae8 19.Nc4  1/2-1/2

[Event "ch-ISR 2013"]
[Site "Acre ISR"]
[Date "2013.04.08"]
[Round "3.1"]
[White "Mikhalevski,V"]
[Black "Smirin,I"]
[Result "1/2-1/2"]
[WhiteElo "2530"]
[BlackElo "2663"]

1.Nf3 Nf6 2.g3 g6 3.b3 Bg7 4.Bb2 c5 5.c4 d6 6.Bg2 e5 7.Nc3 Nc6 8.d3 O-O 9.Nd2 Be6
10.Nde4 Ne8 11.Nd5 f5 12.Nec3 Nf6 13.a3 Kh8 14.O-O a5 15.Rb1 Rb8 16.Bc1 h6
17.Bd2 Qd7 18.b4 axb4 19.axb4 cxb4 20.Nxb4 Nxb4 21.Rxb4 f4 22.Qa4 Qf7 23.Qb3 g5
24.Rxb7 Rxb7 25.Qxb7 Qh5 26.Qc6 e4 27.Nxe4 Ng4 28.h3 Ne5 29.g4 Bxg4 30.hxg4 Qxg4
31.f3 Qxg2+ 32.Kxg2 Nxc6 33.Nxd6 Nd4 34.Rb1 Ra8 35.Kf2 Ra2 36.Ne4 Nf5 37.Bc3 Bxc3
38.Nxc3 Rc2 39.Ne4 Nd4 40.Rb7 Kg8 41.Rd7 Nxe2 42.Ke1 Ng3 43.Kd1 Ra2 44.c5 Nxe4
45.dxe4 Ra6 46.Kd2 Kf8 47.Kd3 Ke8 48.Rd5 Ra3+ 49.Kd4 Rxf3 50.c6 Ra3 51.c7 Ra8
52.Kc5 Ke7 53.Kc6 Rc8 54.Re5+ Kf6 55.Rf5+ Ke6 56.Kb7 Rg8 57.c8=Q+ Rxc8 58.Kxc8 f3
59.Rxf3 Ke5 60.Rh3 Kxe4 61.Rxh6 g4 62.Kd7 g3 63.Ke6 g2 64.Rg6 Kf3 65.Kf5 Kf2
66.Kf4 g1=Q 67.Rxg1 Kxg1  1/2-1/2

[Event "ch-ISR 2013"]
[Site "Acre ISR"]
[Date "2013.04.09"]
[Round "4.1"]
[White "Smirin,I"]
[Black "Avrukh,B"]
[Result "1/2-1/2"]
[WhiteElo "2663"]
[BlackElo "2572"]

1.e4 e5 2.Nf3 Nc6 3.Bb5 a6 4.Ba4 Nf6 5.O-O b5 6.Bb3 Bc5 7.a4 Rb8 8.axb5 axb5
9.Nc3 O-O 10.d3 d6 11.Nd5 Nxd5 12.Bxd5 Ne7 13.Bb3 Ng6 14.c3 h6 15.Be3  1/2-1/2

[Event "ch-ISR 2013"]
[Site "Acre ISR"]
[Date "2013.04.10"]
[Round "5.2"]
[White "Rodshtein,M"]
[Black "Smirin,I"]
[Result "1/2-1/2"]
[WhiteElo "2639"]
[BlackElo "2663"]

1.d4 Nf6 2.c4 g6 3.Nc3 Bg7 4.e4 d6 5.f3 O-O 6.Nge2 a6 7.Be3 Nc6 8.Qd2 Bd7
9.h4 h5 10.Bh6 b5 11.Bxg7 Kxg7 12.cxb5 axb5 13.Nxb5 Na5 14.Na3 e5 15.dxe5 dxe5
16.Qc3 Qe7 17.Nc1 c5 18.Nd3 Nc6 19.Nc4 Rfe8 20.Kf2 Bc8 21.Ne3 Nd7 22.b3 Ba6
23.Nd5 Qd6 24.Nb2 Nd4 25.Bxa6 Rxa6 26.Nc4 Qc6 27.Rhe1 Rea8 28.a3 Rb8 29.Rab1 Ra7
30.Kg1 Qe6 31.Qd3 Nf6 32.b4 Nxd5 33.exd5 Qxd5 34.Rxe5 Nxf3+ 35.Qxf3 Qxc4
36.Re4 Qc2  1/2-1/2